Văn hóa Việt Nam : (Một số vấn đề về văn hóa Việt Nam và văn hóa Việt Nam hiện đại)
Nội dung sách gồm 4 chương: các vấn đề lý thuyết về văn hóa, phương pháp tiếp cận văn hóa; văn hóa Việt Nam và cách tiếp cận; đặc điểm bản sắc dân tộc của văn hóa Việt Nam; một số vấn đề văn hóa hiện đại. Và 3 nội dung chính: khá...
Đã lưu trong:
| 主要作者: | |
|---|---|
| 格式: | 圖書 |
| 語言: | Undetermined |
| 出版: |
Hà Nội
Đại học Quốc gia Hà Nội
2015
|
| 主題: | |
| 標簽: |
添加標簽
沒有標簽, 成為第一個標記此記錄!
|
| Thư viện lưu trữ: | Trung tâm Học liệu Trường Đại học Cần Thơ |
|---|
| LEADER | 01379nam a2200217Ia 4500 | ||
|---|---|---|---|
| 001 | CTU_216147 | ||
| 008 | 210402s9999 xx 000 0 und d | ||
| 082 | |a 306.09597 | ||
| 082 | |b B108 | ||
| 100 | |a Trần, Lê Bảo | ||
| 245 | 0 | |a Văn hóa Việt Nam : | |
| 245 | 0 | |b (Một số vấn đề về văn hóa Việt Nam và văn hóa Việt Nam hiện đại) | |
| 245 | 0 | |c Trần Lê Bảo | |
| 260 | |a Hà Nội | ||
| 260 | |b Đại học Quốc gia Hà Nội | ||
| 260 | |c 2015 | ||
| 520 | |a Nội dung sách gồm 4 chương: các vấn đề lý thuyết về văn hóa, phương pháp tiếp cận văn hóa; văn hóa Việt Nam và cách tiếp cận; đặc điểm bản sắc dân tộc của văn hóa Việt Nam; một số vấn đề văn hóa hiện đại. Và 3 nội dung chính: khái niệm lý thuyết liên quan đến văn hóa; khái niệm và các tiếp cận văn hóa Việt Nam; những vấn đề văn hóa hiện đại trong giai đoạn toàn cầu hóa | ||
| 650 | |a Vietnam culture series,Culture,Nền văn hoá Việt Nam,Văn hoá | ||
| 650 | |z Vietnam,Việt Nam | ||
| 904 | |i Qhieu - Tú Ngân, Linh, Sương | ||
| 980 | |a Trung tâm Học liệu Trường Đại học Cần Thơ | ||